| 000 | 00795nam a2200253Ia 4500 | ||
|---|---|---|---|
| 003 | OSt | ||
| 005 | 20220923224603.0 | ||
| 006 | a|||||r|||| 00| 0 | ||
| 007 | ta | ||
| 008 | Pun | ||
| 020 | _c60 | ||
| 024 | _a243,934 | ||
| 037 |
_b301, 08/10/2010, H.K. Prakashan _cTextual |
||
| 040 |
_aARTS _cARTS _bPun |
||
| 041 |
_2Pun _aPun |
||
| 082 | _aO153,1N58x, [Q0] | ||
| 100 | _aਸਵੀ, ਸਵਰਨਜੀਤ | ||
| 245 | 0 | _aਕਾਲਾ ਹਾFੀਆ ਤੇ ਸੂਹਾ ਗੁਲਾਬ | |
| 260 |
_aਸਮਰਾਲਾ _b ਆਰਟ ਸੈ੍ਵਟਰ _c2010 |
||
| 300 |
_a103ਪੰ _ccm. |
||
| 650 | _aਪੰਜਾਬੀ ਸਾਹਿਤ | ||
| 942 |
_hO153,1N58x, [Q0] _cTEXL _2CC |
||
| 999 |
_c372366 _d372366 |
||